Statistiques concernant Les vainqueurs de coupe du monde de Football

Cliquez ici pour prendre le quiz!

Statistiques générales

  • Ce quiz a été pris 160 fois
  • Le résultat moyen est 8 sur 8

Statistiques - réponses

HintRéponse% Correct
5 ⭐Brésil
100%
2 ⭐France
100%
4 ⭐Italie
99%
4 ⭐Allemagne
98%
2 ⭐Argentine
98%
1 ⭐Espagne
97%
2 ⭐Uruguay
95%
1 ⭐Angleterre
94%

Distribution des résultats

Percentile par nombre de réponses

% des personnes avec chaque résultat

Votre développement - résultats

Vous n’avez pas pris ce quiz